|
|
|
|
| LEADER |
01687nam a2200541 a 4500 |
| 001 |
GR-Patra5236 |
| 008 |
991022s1988 enk 000 b eng d |
| 020 |
|
|
|a 1852930098
|
| 040 |
|
|
|a GrPaTEI
|b gre
|c GR-PaULI
|
| 245 |
0 |
0 |
|a Tourism and economic development :
|b western European experiences.
|
| 260 |
|
|
|a London :
|b Belhaven Press,
|c 1988
|
| 300 |
|
|
|a xi, 257σ. :
|b εικ., πίν.
|
| 500 |
|
|
|a Bibliography: p.[240]-255
|
| 650 |
|
0 |
|a AUSTRIA
|
| 650 |
|
0 |
|a Economic development
|
| 650 |
|
0 |
|a FRANCE
|
| 650 |
|
0 |
|a GERMANY
|
| 650 |
|
0 |
|a GERMANY
|
| 650 |
|
0 |
|a GREECE
|
| 650 |
|
0 |
|a ITALY
|
| 650 |
|
0 |
|a NETHERLANDS
|
| 650 |
|
0 |
|a PORTUGAL
|
| 650 |
|
0 |
|a SPAIN
|
| 650 |
|
0 |
|a SWITZERLAND
|
| 650 |
|
0 |
|a Tourism
|
| 650 |
|
0 |
|a TOURIST TRADE
|
| 650 |
|
0 |
|a UNITED KINGDOM
|
| 650 |
|
4 |
|a ΑΥΣΤΡΙΑ
|
| 650 |
|
4 |
|a ΓΑΛΛΙΑ
|
| 650 |
|
4 |
|a ΓΕΡΜΑΝΙΑ
|
| 650 |
|
4 |
|a ΔΑΝΙΑ
|
| 650 |
|
4 |
|a ΕΛΒΕΤΙΑ
|
| 650 |
|
4 |
|a Ελλάδα
|
| 650 |
|
4 |
|a ΗΝΩΜΕΝΟ ΒΑΣΙΛΕΙΟ
|
| 650 |
|
4 |
|a ΙΣΠΑΝΙΑ
|
| 650 |
|
4 |
|a ΙΤΑΛΙΑ
|
| 650 |
|
4 |
|a ΟΙΚΟΝΟΜΙΚΗ ΑΝΑΠΤΥΞΗ
|
| 650 |
|
4 |
|a ΠΟΡΤΟΓΑΛΙΑ
|
| 650 |
|
4 |
|a Τουρισμός
|
| 650 |
|
4 |
|a Τουριστικό εμπόριο
|
| 653 |
|
|
|a ΤΟΥΡΙΣΤΙΚΟ ΕΜΠΟΡΙΟ - ΕΥΡΩΠΗ
|
| 700 |
1 |
|
|a Shaw, Gareth
|
| 700 |
1 |
|
|a Williams, Allan M.
|
| 710 |
0 |
|
|a Belhaven Press
|
| 942 |
|
|
|2 ddc
|
| 952 |
|
|
|0 0
|1 0
|2 ddc
|4 0
|6 380_145914045500000_TOU
|7 0
|9 286343
|a LISK
|b LISK
|c BSC
|d 2021-01-17
|e 24
|f 0
|g 0.00
|l 0
|o 380.1459140455 TOU
|p 9241008950
|r 2021-01-17 00:00:00
|t 1
|w 2021-01-17
|y BK15
|x 19991024 0 1
|x GrPaTEI
|
| 971 |
|
|
|a .b2652742x
|b 15-04-20
|c 23-09-16
|
| 999 |
|
|
|c 167054
|d 167054
|